00524nam a2200193Ia 450000500170000000800410001702000230005804000190008104100120010008200160011210000230012824500460015126000480019730000090024563000240025465000230027865100190030185000100032020221123103940.0131103s9999 xx 000 0 und d a8123746970cRs 150 aLoreto College aEnglish a954.03bSIN aSingh, Anita Inder 4aThe partition of IndiacAnita Inder Singh aNew DelhibNational Book Trust, Indiac2006 a91p  aIndia, Hstory,1947- aPartition of India aIndia, History aLCLIB